[Event "FAI-chT3A 2021"]
[Site "Faroe Islands"]
[Date "2021.02.21"]
[Round "3.1"]
[White "Zachariassen, Finnbjorn"]
[Black "Nielsen, Sonni"]
[Result "1-0"]
[WhiteElo "2099"]
[BlackElo "1752"]
[PlyCount "81"]
[EventDate "2021.01.10"]
[EventType "team-tourn"]
[EventRounds "5"]
[EventCountry "FAI"]
[SourceTitle "EXT 2022"]
[Source "ChessBase"]
[SourceDate "2021.10.06"]
[SourceVersion "1"]
[SourceVersionDate "2021.10.06"]
[SourceQuality "1"]
[WhiteTeam "Rokur"]
[BlackTeam "Sandavagur IV"]
[WhiteTeamCountry "FAI"]
[BlackTeamCountry "FAI"]

1. e4 e5 2. Nf3 Nc6 3. Bc4 Bc5 4. c3 Nf6 5. d3 h6 6. b4 Bd6 7. 0-0 0-0 8. Be3 a6 9. a4 Be7 10. Qb3 d6 11. h3 b6 12. Nbd2 Bd7 13. Nh2 Qc8 14. d4 exd4 15. cxd4 d5 16. Bxd5 Nxd5 17. Qxd5 Bxb4 18. Nhf3 Qe8 19. Qb3 Bxd2 20. Nxd2 Rd8 21. d5 Nb8 22. Rfc1 Rc8 23. f4 b5 24. axb5 Bxb5 25. Bc5 Nd7 26. Bxf8 Nxf8 27. Qf3 Ng6 28. e5 f6 29. exf6 gxf6 30. Re1 Qf7 31. Ne4 Kh8 32. Qh5 Qg7 33. Qf5 Rf8 34. Nc5 Ne7 35. Qe4 Rg8 36. Ne6 Qg6 37. Qxg6 Nxg6 38. Kf2 Bd7 39. g3 h5 40. h4 Ne7 41. Nc5 1-0

[Event "FAI-chT3 1718"]
[Site "Faroe Islands"]
[Date "2018.02.17"]
[Round "6.1"]
[White "Zachariassen, Finnbjorn"]
[Black "Fjallheim, Elmar Reinert"]
[Result "0-1"]
[WhiteElo "2109"]
[BlackElo "1624"]
[PlyCount "98"]
[EventDate "2017.10.22"]
[EventType "team-tourn"]
[EventRounds "9"]
[EventCountry "FAI"]
[SourceTitle "EXT 2020"]
[Source "ChessBase"]
[SourceDate "2019.10.17"]
[SourceVersion "1"]
[SourceVersionDate "2019.10.17"]
[SourceQuality "1"]
[WhiteTeam "Streymur"]
[BlackTeam "Havnin V"]
[WhiteTeamCountry "FAI"]
[BlackTeamCountry "FAI"]

1. Nc3 e6 2. e4 d5 3. exd5 exd5 4. d4 Nf6 5. Nf3 Bb4 6. a3 Ba5 7. b4 Bb6 8. Be2 0-0 9. Bg5 c6 10. 0-0 Qd6 11. Bh4 Ne4 12. Bg3 Nxg3 13. hxg3 Re8 14. Bd3 Bg4 15. Ne2 Nd7 16. c3 Re6 17. Qc2 Rh6 18. Rae1 Qf6 19. Nh2 Be6 20. Nf4 Qg5 21. Nf3 Qf6 22. Qd2 Bc7 23. Nxe6 fxe6 24. c4 Rh5 25. Re2 Re8 26. Rfe1 Qh6 27. Qxh6 Rxh6 28. cxd5 cxd5 29. Bb5 Re7 30. Bxd7 Rxd7 31. Rxe6 Rxe6 32. Rxe6 Kf8 33. Kf1 h6 34. Ke2 Re7 35. Rxe7 Kxe7 36. Ke3 Bd6 37. Kd3 a5 38. Kc3 a4 39. Ne5 b5 40. Nc6+ Kd7 41. Na7 Bb8 42. Nxb5 Kc6 43. g4 Kxb5 44. g3 Bd6 45. Kd3 Kc6 46. Kc3 Kd7 47. Kd3 Ke6 48. Kd2 Kf6 49. f4 g5 0-1

[Event "FAI-chT3 1718"]
[Site "Faroe Islands"]
[Date "2017.10.22"]
[Round "1.1"]
[White "Joensen, Helgi"]
[Black "Zachariassen, Finnbjorn"]
[Result "0-1"]
[WhiteElo "1717"]
[BlackElo "2109"]
[PlyCount "60"]
[EventDate "2017.10.22"]
[EventType "team-tourn"]
[EventRounds "9"]
[EventCountry "FAI"]
[SourceTitle "EXT 2020"]
[Source "ChessBase"]
[SourceDate "2019.10.17"]
[SourceVersion "1"]
[SourceVersionDate "2019.10.17"]
[SourceQuality "1"]
[WhiteTeam "Toftir"]
[BlackTeam "Streymur"]
[WhiteTeamCountry "FAI"]
[BlackTeamCountry "FAI"]

1. e4 c6 2. d4 d5 3. exd5 cxd5 4. Bd3 g6 5. h3 Bg7 6. Nf3 Nf6 7. 0-0 0-0 8. Re1 Nc6 9. c3 Be6 10. Bf4 Rc8 11. Nbd2 Re8 12. Nb3 Bf5 13. Bxf5 gxf5 14. Ne5 Nxe5 15. Bxe5 Ne4 16. Bxg7 Kxg7 17. Qe2 e6 18. f3 Nf6 19. Qe5 Kg8 20. Qg3+ Kh8 21. Qe5 Rg8 22. Nc5 Rc7 23. Rad1 h6 24. Qf4 Rg6 25. Nd3 Kh7 26. Ne5 Rg7 27. Kh1 Nh5 28. Qe3 Qh4 29. f4 Nxf4 30. g4 Nxh3 0-1